[Event "FIN-chT 2324"]
[Site "Finland"]
[Date "2023.09.24"]
[Round "2.3"]
[White "Huovinen, Jere"]
[Black "Ahvenjarvi, Jani"]
[Result "0-1"]
[WhiteElo "2269"]
[BlackElo "2330"]
[PlyCount "90"]
[EventDate "2023.09.23"]
[EventType "team-tourn"]
[EventRounds "12"]
[EventCountry "FIN"]
[SourceTitle "EXT 2024"]
[Source "ChessBase"]
[SourceDate "2023.10.10"]
[SourceVersion "1"]
[SourceVersionDate "2023.10.10"]
[SourceQuality "1"]
[WhiteTeam "Raahe Li"]
[BlackTeam "Tampere Tammer"]
[WhiteTeamCountry "FIN"]
[BlackTeamCountry "FIN"]

1. d4 Nf6 2. c4 e6 3. Nf3 d5 4. Nc3 Be7 5. Bg5 0-0 6. e3 h6 7. Bh4 Ne4 8. Bxe7 Qxe7 9. Rc1 c6 10. a3 Nd7 11. Bd3 Nxc3 12. Rxc3 e5 13. dxe5 dxc4 14. Bxc4 Nxe5 15. Nxe5 Qxe5 16. Qb3 Qe7 17. 0-0 Rd8 18. e4 Be6 19. Bxe6 fxe6 20. f4 Rd4 21. Re3 Qf7 22. f5 exf5 23. exf5 Qxb3 24. Rxb3 b6 25. f6 Rf8 26. Rg3 g5 27. Re3 Rd6 28. Re7 Rf7 29. Rf3 Kf8 30. Kf2 Rdxf6 31. Re4 Rd6 32. Kg3 Rxf3+ 33. gxf3 Kf7 34. h4 gxh4+ 35. Rxh4 c5 36. b4 Rc6 37. bxc5 bxc5 38. Rc4 Ke6 39. Kf4 Kd5 40. Rc1 Kd4 41. Rd1+ Kc3 42. Ke4 c4 43. Rd7 Kb2 44. Rb7+ Ka2 45. Kd5 Rc8 0-1

[Event "FIN-chT 2223"]
[Site "Finland"]
[Date "2023.02.11"]
[Round "9.2"]
[White "Ahvenjarvi, Jani"]
[Black "Huovinen, Jere"]
[Result "1-0"]
[WhiteElo "2326"]
[BlackElo "2280"]
[PlyCount "93"]
[EventDate "2022.09.24"]
[EventType "team-tourn"]
[EventRounds "11"]
[EventCountry "FIN"]
[SourceTitle "EXT 2024"]
[Source "ChessBase"]
[SourceDate "2023.10.10"]
[SourceVersion "1"]
[SourceVersionDate "2023.10.10"]
[SourceQuality "1"]
[WhiteTeam "Tampere Tammer"]
[BlackTeam "Raahe Li"]
[WhiteTeamCountry "FIN"]
[BlackTeamCountry "FIN"]

1. e4 e5 2. Nf3 Nc6 3. Bb5 a6 4. Ba4 Nf6 5. 0-0 Be7 6. d3 b5 7. Bb3 d6 8. a3 0-0 9. Nc3 h6 10. h3 Re8 11. Ba2 Bf8 12. Be3 Be6 13. Nd5 Nb8 14. Nd2 Nbd7 15. f4 Bxd5 16. exd5 e4 17. Nxe4 Nxe4 18. dxe4 Rxe4 19. Qf3 Qe7 20. Rae1 Re8 21. Bf2 f5 22. c3 Nf6 23. Qd3 Qf7 24. Rxe4 fxe4 25. Qd2 c5 26. c4 Qb7 27. b4 cxb4 28. axb4 bxc4 29. Bxc4 Rb8 30. Rb1 Be7 31. Kh2 Kh8 32. Bd4 Qc8 33. Rc1 h5 34. Ba2 Qb7 35. Bc3 Rc8 36. Re1 Qb5 37. Bxf6 Bxf6 38. Rxe4 Qa4 39. Qe2 Kg8 40. Bc4 Ra8 41. Qxh5 Qc2 42. Qg6 Qd2 43. Be2 Kf8 44. Bh5 Kg8 45. Bg4 Kf8 46. Bd7 Be7 47. Be6 1-0

[Event "FIN-chT 1617"]
[Site "Finland"]
[Date "2016.12.11"]
[Round "6.3"]
[White "Huovinen, Jere"]
[Black "Tuominen, Risto"]
[Result "1/2-1/2"]
[WhiteElo "2276"]
[BlackElo "2303"]
[PlyCount "81"]
[EventDate "2016.09.17"]
[EventType "team-tourn"]
[EventRounds "11"]
[EventCountry "FIN"]
[SourceTitle "EXT 2018"]
[Source "ChessBase"]
[SourceDate "2017.10.13"]
[SourceVersion "1"]
[SourceVersionDate "2017.10.13"]
[SourceQuality "1"]
[WhiteTeam "Oulu OSS"]
[BlackTeam "Turku TuTS"]
[WhiteTeamCountry "FIN"]
[BlackTeamCountry "FIN"]

1. d4 Nf6 2. c4 c6 3. Nc3 d5 4. Nf3 e6 5. e3 Nbd7 6. Bd3 b6 7. 0-0 Bb7 8. b3 Be7 9. Bb2 0-0 10. Qe2 Rc8 11. Rac1 Re8 12. Rfd1 dxc4 13. Bxc4 b5 14. Bd3 a6 15. Ne5 Qb6 16. Bb1 Red8 17. Nxd7 Rxd7 18. e4 Ne8 19. Rd3 g6 20. Rcd1 Rcd8 21. Qd2 Bf8 22. Qe3 Nf6 23. Bc2 Bg7 24. h3 Qc7 25. b4 Bf8 26. a3 a5 27. Bb3 axb4 28. axb4 Bxb4 29. d5 e5 30. dxc6 Rxd3 31. Rxd3 Rxd3 32. Qxd3 Bxc6 33. Nxb5 Qb6 34. Qc4 Be8 35. Nc7 Be1 36. Bxe5 Qxf2+ 37. Kh1 Ng4 38. hxg4 Qh4+ 39. Kg1 Qf2+ 40. Kh1 Qh4+ 41. Kg1 1/2-1/2

[Event "FIN-chT 1516"]
[Site "Finland"]
[Date "2015.10.11"]
[Round "4.5"]
[White "Huovinen, Jere"]
[Black "Hokkanen, Petri"]
[Result "1-0"]
[WhiteElo "2254"]
[BlackElo "2222"]
[PlyCount "97"]
[EventDate "2015.09.12"]
[EventType "team-tourn"]
[EventRounds "11"]
[EventCountry "FIN"]
[SourceTitle "EXT 2017"]
[Source "ChessBase"]
[SourceDate "2016.10.25"]
[SourceVersion "1"]
[SourceVersionDate "2016.10.25"]
[SourceQuality "1"]
[WhiteTeam "Oulu OSS"]
[BlackTeam "Helsinki Velhot"]
[WhiteTeamCountry "FIN"]
[BlackTeamCountry "FIN"]

1. d4 Nf6 2. c4 e6 3. Nf3 b6 4. a3 d5 5. Nc3 Bb7 6. Bf4 Bd6 7. Bg3 0-0 8. e3 Bxg3 9. hxg3 c5 10. cxd5 exd5 11. dxc5 bxc5 12. Bd3 g6 13. Qa4 d4 14. exd4 Re8+ 15. Ne2 Nbd7 16. 0-0 Nb6 17. Qd1 c4 18. Bc2 Qd6 19. Qd2 Rad8 20. Rad1 Kg7 21. Nc3 h6 22. Rfe1 Rxe1+ 23. Qxe1 Bxf3 24. gxf3 Qc6 25. Be4 Qd6 26. Qd2 Nbd7 27. Kg2 Rb8 28. Qe2 h5 29. Rd2 Rc8 30. Nd1 h4 31. Nc3 Nh5 32. f4 hxg3 33. fxg3 Ndf6 34. Bf3 Re8 35. Qf2 Rh8 36. Rd1 Rb8 37. d5 Nxf4+ 38. gxf4 Qxf4 39. Ne2 Qe5 40. Rd2 Rb3 41. Ng3 Ne8 42. Ne4 Rd3 43. Rxd3 cxd3 44. Nc3 Nd6 45. Qd2 f5 46. Qxd3 g5 47. Qe2 Qf4 48. Qe7+ Nf7 49. Bh5 1-0

[Event "FIN-chT 1415"]
[Site "Finland"]
[Date "2014.10.19"]
[Round "4.4"]
[White "Seeman, Tarvo"]
[Black "Huovinen, Jere"]
[Result "1-0"]
[WhiteElo "2420"]
[BlackElo "2191"]
[PlyCount "83"]
[EventDate "2014.09.27"]
[EventType "team-tourn"]
[EventRounds "11"]
[EventCountry "FIN"]
[SourceTitle "EXT 2016"]
[Source "ChessBase"]
[SourceDate "2015.10.08"]
[SourceVersion "1"]
[SourceVersionDate "2015.10.08"]
[SourceQuality "1"]
[WhiteTeam "Helsinki Aatos"]
[BlackTeam "Oulu OSS"]
[WhiteTeamCountry "FIN"]
[BlackTeamCountry "FIN"]

1. Nf3 Nf6 2. g3 d5 3. Bg2 Nbd7 4. c4 e6 5. b3 Be7 6. 0-0 0-0 7. Bb2 c5 8. cxd5 exd5 9. d4 b6 10. Nc3 Bb7 11. Rc1 Re8 12. e3 Nf8 13. dxc5 bxc5 14. Na4 Ne4 15. Nd2 Ne6 16. Nxe4 dxe4 17. Qg4 g6 18. Rfd1 Qc8 19. h4 f5 20. Qe2 Ba6 21. Qc2 Bf8 22. Nc3 Bd3 23. Rxd3 exd3 24. Qxd3 Qd8 25. Nd5 Bg7 26. Bxg7 Kxg7 27. Qc3+ Kf7 28. h5 g5 29. Qc2 Rb8 30. Qxf5+ Kg7 31. Be4 Nf8 32. Rxc5 Rb7 33. Rc6 Rf7 34. h6+ Kg8 35. Rf6 Rd7 36. Qxg5+ Kh8 37. Bf5 Rb7 38. e4 Qa5 39. Qe3 Qxa2 40. Rxf8+ Rxf8 41. Qd4+ Kg8 42. Be6+ 1-0

[Event "FIN-chT 1415"]
[Site "Finland"]
[Date "2014.09.28"]
[Round "2.4"]
[White "Alho, Sauli"]
[Black "Huovinen, Jere"]
[Result "1/2-1/2"]
[WhiteElo "2109"]
[BlackElo "2191"]
[PlyCount "50"]
[EventDate "2014.09.27"]
[EventType "team-tourn"]
[EventRounds "11"]
[EventCountry "FIN"]
[SourceTitle "CBM 162 Extra"]
[Source "ChessBase"]
[SourceDate "2014.10.17"]
[SourceVersion "1"]
[SourceVersionDate "2014.10.17"]
[SourceQuality "1"]
[WhiteTeam "Sastamala VammSK"]
[BlackTeam "Oulu OSS"]
[WhiteTeamCountry "FIN"]
[BlackTeamCountry "FIN"]

1. e4 Nf6 2. e5 Nd5 3. Nc3 Nxc3 4. dxc3 d6 5. Nf3 Nc6 6. Bf4 Bg4 7. Bb5 e6 8. Bxc6+ bxc6 9. h3 Bxf3 10. Qxf3 d5 11. Qg3 g6 12. Bg5 Be7 13. Bh6 Bf8 14. Bxf8 Kxf8 15. Qe3 Qe7 16. Qh6+ Ke8 17. 0-0-0 Kd7 18. Rd3 Raf8 19. c4 f5 20. cxd5 cxd5 21. Qe3 Rb8 22. Rd4 Rb6 23. Ra4 Rhb8 24. b3 R8b7 25. Rd1 Rb4 1/2-1/2

[Event "FIN-chT 1314"]
[Site "Finland"]
[Date "2014.02.09"]
[Round "8.5"]
[White "Alho, Sauli"]
[Black "Huovinen, Jere"]
[Result "1-0"]
[WhiteElo "2131"]
[BlackElo "2185"]
[PlyCount "109"]
[EventDate "2013.09.21"]
[EventType "team-tourn"]
[EventRounds "11"]
[EventCountry "FIN"]
[SourceTitle "EXT 2015"]
[Source "ChessBase"]
[SourceDate "2014.11.20"]
[SourceVersion "1"]
[SourceVersionDate "2014.11.20"]
[SourceQuality "1"]
[WhiteTeam "Sastamala VammSK"]
[BlackTeam "Oulu OSS"]
[WhiteTeamCountry "FIN"]
[BlackTeamCountry "FIN"]

1. e4 Nf6 2. e5 Nd5 3. Nc3 Nxc3 4. dxc3 d6 5. Bf4 Nc6 6. Bb5 Bd7 7. exd6 exd6 8. Qd2 Be7 9. 0-0-0 0-0 10. Nf3 Ne5 11. Be2 Nxf3 12. Bxf3 Bc6 13. Be2 Bf6 14. f3 Re8 15. Bd3 Qd7 16. Qf2 Bb5 17. c4 Ba6 18. c3 Qc6 19. b3 d5 20. cxd5 Qxc3+ 21. Qc2 Qa1+ 22. Qb1 Qc3+ 23. Qc2 Qb4 24. g3 Bxd3 25. Rxd3 Be5 26. Bxe5 Rxe5 27. Kb2 Rae8 28. Rhd1 Qb6 29. R1d2 h6 30. f4 Re1 31. d6 cxd6 32. Rxd6 Qa5 33. Rd7 Qb5 34. a4 Qh5 35. Rxb7 R1e2 36. Rxe2 Qxe2 37. Qxe2 Rxe2+ 38. Ka3 a5 39. Rb5 Rxh2 40. Rxa5 Rg2 41. Ra8+ Kh7 42. a5 Rxg3 43. Rc8 h5 44. Rc5 h4 45. Rh5+ Kg6 46. Rxh4 Kf5 47. Ka4 Ke6 48. a6 Rg1 49. Kb5 Rg3 50. b4 Kd7 51. a7 Ra3 52. Kb6 Ra4 53. b5 g5 54. Rh7 Ke6 55. fxg5 1-0

[Event "FIN-chT 1314"]
[Site "Finland"]
[Date "2013.11.02"]
[Round "5.5"]
[White "Ahvenjarvi, Jani"]
[Black "Huovinen, Jere"]
[Result "1/2-1/2"]
[WhiteElo "2237"]
[BlackElo "2185"]
[PlyCount "24"]
[EventDate "2013.09.21"]
[EventType "team-tourn"]
[EventRounds "11"]
[EventCountry "FIN"]
[SourceTitle "EXT 2014"]
[Source "ChessBase"]
[SourceDate "2013.11.20"]
[SourceVersion "1"]
[SourceVersionDate "2013.11.20"]
[SourceQuality "1"]
[WhiteTeam "Tampere Tammer"]
[BlackTeam "Oulu OSS"]
[WhiteTeamCountry "FIN"]
[BlackTeamCountry "FIN"]

1. e4 Nf6 2. e5 Nd5 3. d4 d6 4. c4 Nb6 5. exd6 exd6 6. Nc3 Nc6 7. h3 Be7 8. Nf3 Bf5 9. Be2 Nb4 10. 0-0 Nc2 11. Rb1 Nb4 12. Ra1 Nc2 1/2-1/2

[Event "FIN-chT 1213"]
[Site "Finland"]
[Date "2013.02.09"]
[Round "10.7"]
[White "Suomalainen, Erkki"]
[Black "Huovinen, Jere"]
[Result "1/2-1/2"]
[WhiteElo "2173"]
[BlackElo "2178"]
[PlyCount "58"]
[EventDate "2012.09.28"]
[EventType "team-tourn"]
[EventRounds "11"]
[EventCountry "FIN"]
[SourceTitle "EXT 2014"]
[Source "ChessBase"]
[SourceDate "2013.11.20"]
[SourceVersion "1"]
[SourceVersionDate "2013.11.20"]
[SourceQuality "1"]
[WhiteTeam "Helsinki HSK"]
[BlackTeam "Oulu OSS"]
[WhiteTeamCountry "FIN"]
[BlackTeamCountry "FIN"]

1. d4 Nf6 2. c4 e6 3. Nc3 Bb4 4. Qc2 0-0 5. Bg5 c5 6. dxc5 Na6 7. a3 Bxc3+ 8. Qxc3 Nxc5 9. Bxf6 Qxf6 10. Qxf6 gxf6 11. b4 Na6 12. e3 b6 13. Nf3 Nc7 14. Be2 Ba6 15. Rc1 Rac8 16. Nd4 Kg7 17. e4 Nb5 18. Nxb5 Bxb5 19. Kd2 Bc6 20. f3 Rfd8 21. Ke3 d6 22. Rc3 Kf8 23. Rd1 Ke7 24. Rdc1 Bb7 25. c5 bxc5 26. bxc5 dxc5 27. Rxc5 Kd6 28. Rxc8 Rxc8 29. Rxc8 Bxc8 1/2-1/2

[Event "FIN-chT 1213"]
[Site "Finland"]
[Date "2013.01.12"]
[Round "8.6"]
[White "Huovinen, Jere"]
[Black "Hartio, Ilkka"]
[Result "1-0"]
[WhiteElo "2178"]
[BlackElo "2073"]
[PlyCount "113"]
[EventDate "2012.09.28"]
[EventType "team-tourn"]
[EventRounds "11"]
[EventCountry "FIN"]
[SourceTitle "EXT 2014"]
[Source "ChessBase"]
[SourceDate "2013.11.20"]
[SourceVersion "1"]
[SourceVersionDate "2013.11.20"]
[SourceQuality "1"]
[WhiteTeam "Oulu OSS"]
[BlackTeam "Jyvaskyla JyS"]
[WhiteTeamCountry "FIN"]
[BlackTeamCountry "FIN"]

1. d4 Nf6 2. c4 g6 3. Nc3 d5 4. Bg5 Ne4 5. Nxe4 dxe4 6. Qd2 h6 7. Bf4 Bg7 8. e3 e5 9. Bxe5 Bxe5 10. dxe5 Qxd2+ 11. Kxd2 Nc6 12. Ne2 Nxe5 13. Nc3 f5 14. Be2 Be6 15. b3 0-0-0+ 16. Kc2 c6 17. Rad1 Rxd1 18. Rxd1 Rd8 19. Rxd8+ Kxd8 20. Nb1 c5 21. Kd2 Kd7 22. Nc3 b6 23. h4 h5 24. Ke1 Ke7 25. f3 exf3 26. gxf3 Bd7 27. Kf2 Bc6 28. Kg3 Kf6 29. Kf4 Nf7 30. e4 fxe4 31. fxe4 Nd8 32. Nd5+ Ke6 33. e5 Bxd5 34. cxd5+ Kxd5 35. Bc4+ Kc6 36. Kg5 b5 37. Bg8 Kd7 38. Kxg6 Ke7 39. Kxh5 Nc6 40. Kg5 Nxe5 41. Kf5 Nf3 42. h5 Kf8 43. Bd5 Nd4+ 44. Ke5 Ne2 45. h6 Ng3 46. Kf6 Nh5+ 47. Kg5 Ng3 48. Kg6 Ne2 49. h7 Nf4+ 50. Kh6 Nxd5 51. h8Q+ Kf7 52. Qa8 Ke6 53. Qc6+ Ke5 54. Qxc5 a6 55. Qc8 b4 56. Qxa6 Kd4 57. a4 1-0

[Event "Raahe We RaahLi"]
[Site "Raahe"]
[Date "2013.??.??"]
[Round "3"]
[White "Huovinen, Jere"]
[Black "Peltomaa, Jukka"]
[Result "1/2-1/2"]
[WhiteElo "2175"]
[BlackElo "1931"]
[PlyCount "129"]
[EventDate "2013.??.??"]
[EventType "swiss"]
[EventRounds "5"]
[EventCountry "FIN"]
[SourceTitle "EXT 2022"]
[Source "ChessBase"]
[SourceDate "2021.10.06"]
[SourceVersion "1"]
[SourceVersionDate "2021.10.06"]
[SourceQuality "1"]

1. d4 Nf6 2. c4 e6 3. Nf3 b6 4. a3 Ba6 5. Qb3 d5 6. cxd5 Qxd5 7. Qxd5 exd5 8. Nc3 Nbd7 9. Bf4 c6 10. e3 Bxf1 11. Rxf1 Be7 12. Rc1 0-0 13. Ke2 Rfe8 14. Rc2 Nh5 15. Bg3 Nxg3+ 16. hxg3 Bf6 17. Rd1 a5 18. Kf1 a4 19. Na2 c5 20. Nc3 cxd4 21. exd4 Ra5 22. Na2 Be7 23. Rc7 Nf6 24. Nc3 Ne4 25. Nxe4 dxe4 26. Nd2 Bd8 27. Rc8 Rd5 28. Nc4 Kf8 29. Ne3 Rb5 30. d5 Bf6 31. Rxe8+ Kxe8 32. Nc4 Rb3 33. Re1 Bxb2 34. Rxe4+ Kd7 35. Nxb2 Rxb2 36. Rxa4 Rd2 37. Ra7+ Ke8 38. Rb7 Rxd5 39. Rxb6 Rd3 40. Ra6 h5 41. Ke2 Rb3 42. Ra5 g6 43. Re5+ Kd7 44. Re3 Rb2+ 45. Kf1 Ra2 46. Ke1 Kd6 47. Rf3 Ke6 48. Kd1 f5 49. Kc1 g5 50. Kb1 Rd2 51. a4 Rd4 52. Ra3 f4 53. gxf4 Rxf4 54. Ra2 h4 55. f3 h3 56. gxh3 Rxf3 57. a5 Rxh3 58. a6 Rh8 59. Kc2 Kd6 60. Kd3 Kc6 61. Ke4 Ra8 62. Ke5 Kb6 63. Kd6 Rxa6 64. Rb2+ Ka7+ 65. Ke5 1/2-1/2